000 00288nam a22001337a 4500
008 171030b xxu||||| |||| 00| 0 eng d
020 _a0256016216
041 _aeng
080 _a336
100 _a56
101 _aFIN
245 _aMODERN PUBLIC FINANCE
_cHERBER,B.P
942 _2udc
_cBK
999 _c36331
_d36331